Data Structures in C – ₹450 (Record no. 1909)
[ view plain ]
| 000 -LEADER | |
|---|---|
| fixed length control field | 00396 a2200169 4500 |
| 000 - LEADER | |
| fixed length control field | nam a22 7a 4500 |
| 001 - CONTROL NUMBER | |
| control field | 1909 |
| 005 - DATE AND TIME OF LATEST TRANSACTION | |
| control field | 20260407133624.0 |
| 020 ## - INTERNATIONAL STANDARD BOOK NUMBER | |
| International Standard Book Number | 9780198066235 |
| 100 ## - MAIN ENTRY--PERSONAL NAME | |
| Personal name | Data Structures in C – ₹450 |
| 110 ## - MAIN ENTRY--CORPORATE NAME | |
| Corporate name or jurisdiction name as entry element | Data Structures in C – ₹450 |
| 245 ## - TITLE STATEMENT | |
| Title | Data Structures in C – ₹450 |
| 250 ## - EDITION STATEMENT | |
| Edition statement | 2020 |
| 260 ## - PUBLICATION, DISTRIBUTION, ETC. | |
| Name of publisher, distributor, etc. | Oxford |
| 264 ## - PRODUCTION, PUBLICATION, DISTRIBUTION, MANUFACTURE, AND COPYRIGHT NOTICE | |
| Name of producer, publisher, distributor, manufacturer | Oxford |
| 942 ## - ADDED ENTRY ELEMENTS (KOHA) | |
| Koha item type | Books |
| Withdrawn status | Lost status | Source of classification or shelving scheme | Damaged status | Not for loan | Home library | Current library | Date acquired | Total checkouts | Barcode | Date due | Date last seen | Date last checked out | Price effective from | Koha item type | Full call number | Copy number |
|---|---|---|---|---|---|---|---|---|---|---|---|---|---|---|---|---|
| Dewey Decimal Classification | Centerville | Centerville | 07/04/2026 | 1 | CPL26040006 | 21/04/2026 | 07/04/2026 | 07/04/2026 | 07/04/2026 | Books | ||||||
| Dewey Decimal Classification | Centerville | Centerville | 07/04/2026 | 07/04/2026 | 07/04/2026 | Books | ||||||||||
| Dewey Decimal Classification | Centerville | Centerville | 07/04/2026 | 1 | 9780198066235 | 21/04/2026 | 07/04/2026 | 07/04/2026 | 07/04/2026 | Books | 12345 | 1 |